| 000 | 01230nam a2200313 4500 | ||
|---|---|---|---|
| 003 | OSt | ||
| 005 | 20260601193526.0 | ||
| 008 | 260508b1980 nyua|||| |||| 00| 0 eng d | ||
| 020 | _a0444901701 | ||
| 020 | _a902190456X | ||
| 040 |
_aICI _bspa _cICI |
||
| 041 | _aeng | ||
| 050 |
_aTS171.A1 _bI53 1979 |
||
| 245 | 1 |
_aIndustrial Design and Human Development _bproceedings of the XI Congress and Assembly of the International Council of Societies of Industrial Design, Mexico City, October 14-19, 1979 / _ceditors, Pedro Ramirez Vazquez, Alejandro Lazo Margain |
|
| 264 |
_aNew York : _bEXCERPTA MEDICA : _bAmsterdam - Oxford - Pricenton, _c1980 |
||
| 300 |
_axxxvii, 354 páginas : _bilustraciones |
||
| 336 |
_atexto _2rdacontent |
||
| 337 |
_asin medio _2rdamedia |
||
| 338 |
_avolumen _2rdacarrier |
||
| 490 | _aIncluye referencias bibliográficas e índice. | ||
| 650 |
_aIndustrial design$vCongresses _935749 |
||
| 650 |
_aDiseño industrial$vCongresos _935750 |
||
| 650 |
_aDesarrollo humano _935751 |
||
| 650 |
_aErgonomía _935752 |
||
| 650 |
_aDiseño centrado en el usuario _935753 |
||
| 700 | 1 |
_aRamírez Vázquez, Pedro, _eeditor _935754 |
|
| 700 | 1 |
_aLazo Margain, Alejandro, _eeditor _935755 |
|
| 942 |
_2lcc _cB _n1 |
||
| 999 |
_c21180 _d21180 |
||